Quizzes
Events
Quiz Creation
Community
Videos
Private Events
Remove Ads
Sign In
Join for FREE
Feedback
Dark Mode
Quiz Categories
Sports
Geography
Music
Movies
Television
Just For Fun
Miscellaneous
History
Literature
Language
Science
Gaming
Entertainment
Religion
Holiday
For Kids
Quiz Lab
Recent
Popular Today
Quiz Kudos Today
Editor Picks
Curator Picks
Quizzes by...
Day
Popularity
Type
Ratings
Length
Year
Community
Subscriptions
Recent Discussions
Orange Saloon
Badges
Playlists
Quests
Create
Leaderboards
Showdown
Live 5
Trivia Bingo
Activity
Puzzle Library
Sporcle Events
Private Events
Virtual Trivia
Globe League
Become a Host
Pub Owners
SporcleCon
Opinionation
Our Games
Videos
Blog
Mobile Apps
Partnerships
Remove Ads and Go Orange
Feedback
Language
Vocabulary
Begins and Ends
Definition
Spanish
French
German
Italian
Chinese
Latin
Translation
Japanese
Language
Vocabulary
Begins and Ends
Definition
Spanish
French
German
Italian
Chinese
Latin
Translation
Japanese
Random Quiz
Search Sporcle
×
Quiz Lab
Quiz Lab
Language
dog
Type in answers that appear in a list
Type in answers that appear in a list
Classic
Best Score? Go Orange.
Rhymes with Poodle Stats
Can you name the words that rhyme or nearly rhyme with the word 'poodle'?
By
Animanirailfan
4m
52 Questions
408 Plays
408 Plays
408 Plays
Comments
Comments
Give Quiz Kudos
Give Quiz Kudos
-
- Ratings
hide this ad
Replay
Link that replays current quiz
Next Quiz
Link to next quiz in quiz playlist
You Got
0%
They Got
Avg Score
5%
Avg Friend Score
Upgrade to see
Score Distribution
Jump to the score distribution portion of the page
Score
0/52
Timer
04:00
0
Plays Today
Word
% Correct
noodle
90%
doodle
83.3%
oodle
44.5%
strudel
33.8%
caboodle
12.6%
brutal
9.6%
feudal
9.1%
futile
3.9%
frugal
2.2%
bugle
2%
cruel
1.2%
approval
1%
crucial
1%
ruble
1%
jewel
0.7%
neutral
0.7%
butyl
0.5%
dual
0.5%
duel
0.5%
fuel
0.5%
nubile
0.5%
perusal
0.5%
pupal
0.5%
quadruple
0.5%
refusal
0.5%
removal
0.5%
Word
% Correct
youthful
0.5%
communal
0.2%
cupful
0.2%
ducal
0.2%
fruitful
0.2%
newel
0.2%
pupil
0.2%
refuel
0.2%
rueful
0.2%
scruple
0.2%
spoonful
0.2%
tablespoonful
0.2%
truthful
0.2%
tuneful
0.2%
accrual
0%
buccal
0%
disapproval
0%
instinctual
0%
occlusal
0%
renewal
0%
spoonbill
0%
teaspoonful
0%
tribunal
0%
untruthful
0%
useful
0%
paludal
0%
Quiz Playlist
Details
Report
Send in Message
Add To Playlist
Classic:
Type in answers that appear in a list
Quiz Source
Last Updated: Feb 16, 2017
Quiz Scoreboard
CHALLENGE
Sign Up to Join the Scoreboard
Show All
Scores
Hide
Comments
May contain spoilers
Recently Published
Popular People in 1961
by mucciniale
History
6m
1-10 Letter E Words III
by El_Dandy
Language
2m
One Thing in Common: World Cities II
by knightlancer
Geography
7m
More to Explore
Quiz From the Vault
Featured Blog Post
Where Did the Easter Bunny Come From?
hide this ad
You Might Also Like...
Tags
dog
Rhymes With
Today's Top Quizzes in Language
Browse Language
hide this ad
Today's Top Quizzes in dog
Browse dog
Top Contributed Quizzes in Language
1
Order Up: Top 10 Most Native Spoken Languages
2
1-10 Letter F Words III
3
1-10 Letter G Words III
4
One Thing in Common: Italy
5
1-10 Letter H Words III
6
1-10 Letter I Words III
7
Hiragana Speed Reading
8
Begins and Ends With AN
9
Vocabulary 5
10
1-10 Letter J Words III
Explore More
Trending Topics
Marvel
Disney
NBA
Harry Potter
Kpop
Crossword
Anime
Soccer
WWE
Puzzle
Song
The Office
Pokémon
NFL
Country
hide this ad
More By:
Animanirailfan
Quiz
Plays
Rating
Category
Featured
Created
My Little Pony: Friendship is Magic Episodes
1,090
4.83
Television
Oct 16, 2019
Main Villain from Each of the Disney Animated Classics
972
4.00
Movies
May 20, 2012
Greatest Movies Never to Win Best Picture
448
2.38
Movies
Feb 19, 2012
Rhymes with Poodle
408
1.71
Language
Jan 6, 2013
Top 100 Roller Coasters of 2011
342
4.50
Miscellaneous
Jul 23, 2012
Go to Creator's Profile
Score Distribution
Quiz Creator Spotlight
Animanirailfan
Follow
Send a Message
Quizzes Created
-
Created Quiz Play Count
-
More By This Creator
Popular Quizzes Today
1
Find the US States - No Outlines Minefield
2
The Countries of the World
3
Find the Countries of Europe - No Outlines Minefield
4
Popular People in 1961
5
1-10 Letter E Words III
6
Find the US States
7
One Thing in Common: World Cities II
8
US States
More Language Quizzes
10 Words, 20 Definitions XXIV
Published
Trending Quizzes
Risky Map Clicking: Least Populous States A-Z
1-10 Letter F Words
1-10 Letter G Words
One Thing in Common: United Kingdom
Risky Map Clicking: Next State Alphabetically
Recently Updated
Leaping Animals
pecheneg
Reality TV Shows (A-Z)
bhenderson79
Rickey Henderson's Hall of Fame Teammates
pecheneg
Champions League XIs: Arsenal
pecheneg
Quick Pick: Celebrities in WWE's Hall of Fame
aduchscher
A-Z Keypad Blitz II
pecheneg
Multiple Oscar Actors
pecheneg
Mystery Phrase Blitz: Oscar 'Best Actors'
pecheneg
F. Scott Fitzgerald Novels
LTH
Pick 3 Villains
ddd62291
Trending Topics
NBA
Anime
Crossword
Marvel
Harry Potter
Kpop
Disney
Country
Song
Pokémon
The Office
NFL
Soccer
WWE
Puzzle
Your Account Isn't Verified!
In order to create a playlist on Sporcle, you need to verify the email address you used during registration. Go to your
Sporcle Settings
to finish the process.
Report this User
Report this user for behavior that violates our
Community Guidelines
.
Details:
Send Report
Go to the Sporcle.com Mobile Site →
Comments